| 000 | 00406cam a2200181 4500 | ||
|---|---|---|---|
| 001 | D9393 | ||
| 008 | 090401t1968 xxu||||| |||| 00| 0 eng d | ||
| 035 | _a(Sirsi) u19288 | ||
| 041 | _aeng | ||
| 050 | _a333.0023 | ||
| 100 | _aTurnbull, G.A.T. | ||
| 245 | _aStatus of the profession | ||
| 260 |
_aLondon _bFIG/RICS _c1968 |
||
| 300 | _a8p. 30cm | ||
| 350 | _a0.25 | ||
| 942 | _n0 | ||
| 948 | _c04/03/1997 | ||
| 999 |
_c87661 _d87661 |
||